Opus cinématographiques 16 - Star Wars - Statistiques

Statistiques générales
  • Ce quiz a été pris 798 fois
  • Le résultat moyen est 10 sur 12
Statistiques - réponses
Date de sortie Titre % Correct
1980 Star Wars, épisode V - L'Empire contre-attaque
93%
1983 Star Wars, épisode VI - Le Retour du Jedi
91%
2016 Rogue One - A Star Wars Story
88%
1999 Star Wars, épisode I - La Menace fantôme
88%
2005 Star Wars, épisode III - La Revanche des Sith
87%
1977 Star Wars, épisode IV - Un nouvel Espoir
87%
2018 Solo - A Star Wars Story
84%
2002 Star Wars, épisode II - L'Attaque des Clones
81%
2015 Star Wars, épisode VII - Le Réveil de la Force
76%
2019 Star Wars, épisode IX - L'Ascension de Skywalker
73%
2017 Star Wars, épisode VIII - Les derniers Jedi
71%
2008 Star Wars - The Clone Wars
68%
Aucun quiz correspondant
Distribution des résultats
% des personnes avec chaque résultat
Percentile par nombre de réponses
Votre historique - résultats
Vous n’avez pas pris ce quiz